| 000 | 01765nam a2200229 a 4500 | ||
|---|---|---|---|
| 001 | BS0002394 | ||
| 003 | BR-BrBNA | ||
| 005 | 20230418192023.0 | ||
| 008 | 230308b |||||||| |||| 00| 0 por d | ||
| 040 |
_aBR-BrBNA _bpor _cBiblioteca Nacional de Agricultura |
||
| 041 | _apor | ||
| 072 | _aB60 | ||
| 090 | _aB60 BS0002394 | ||
| 100 | 1 | _aWhite, M. | |
| 245 | 1 | _aIsaac Newton / | |
| 260 | 3 |
_aSão Paulo, SP: _bGlobo, _c1993. |
|
| 300 | _a64 p. | ||
| 520 | 3 | _aUma simples maçã mudou os rumos da ciência para sempre. Tudo aconteceu numa tarde de verão do ano de 1666, no interior da Inglaterra, quando o hovem Isaac Newton passeava por um pomar e resolveu descansar à sombra de uma árvore. Uma maçã caiu bem em cima de sua cabeça e essa queda ajudou-o a desenvolver a sua teoria sobre a Lei da Gravidade. Newton descobriu, também, o cálculo diferencial e realizou reveladores estudos sobre a luz. Mesmo já tendo conquistado um lugar sem igual na história científica, ele continuou com suas experiências e estudos, desenvolvendo as leis do moviento e um revolucionário telescópio. Transformando os fundamentos da ciência, Isaac Newton tornou-se um dos mais importantes cientistas de todos os tempos. O resultado de seu trabalho se aplica a quase tudo que se produz em nossos dias: da televisão ao laser, dos carros de fórmula 1 aos fabulosos arranha-céus, de revolucionários equipamentos médicos a simples brinquedos. A herança deixada pelo jovem que resolveu descansar embaixo de uma macieira, numa tarde quente do curto verão inglês, é imensa. Newton encontrou razões e explicações onde antes só havia ignorância ou não mais que meros indícios. | |
| 650 | _aBIOGRAFIA | ||
| 909 |
_a202304 _bSergio Santos _c56 _dSergio Santos |
||
| 942 | _cBK | ||
| 999 |
_c7453 _d7453 |
||